000
00226 a2200097 4500
001
54959
100
_a
Gralla, Preston
245
_a
Windows XP hacks
260
_a
Paris
_b
O'Reilly, PAris
_c
2003
090
_c
34048
_d
34048
942
_a
NUST-CAE
_c
MONOGRAPH
_c
26723
999
_c
290032
_d
290032